Formulace žádoucích trendů v uspokojování potřeb obyvatelstva ve službách v dlouhodobé perspektivě výzkumná správa SPEV 901 111 101

Salvato in:
Dettagli Bibliografici
Autore principale: Stíbalová, Běla
Natura: Libro
Lingua:ceco
Pubblicazione: Praha Ústřední ústav národohospodářského výzkumu 1984
Tags: Aggiungi Tag
Nessun Tag, puoi essere il primo ad aggiungerne!!

MARC

LEADER 00000nam a2200000 4500
001 c105919
005 20181203150250.2
041 0 |a cze 
044 |a CZ 
245 1 0 |a Formulace žádoucích trendů v uspokojování potřeb obyvatelstva ve službách v dlouhodobé perspektivě  |b výzkumná správa SPEV 901 111 101  |c Běla Stíbalová 
264 1 |a Praha  |b Ústřední ústav národohospodářského výzkumu  |c 1984 
300 |a 177 s. 
100 1 |a Stíbalová, Běla